Statistics for Islands of Palau

Click here to take the quiz!

General Stats

  • This quiz has been taken 30 times
  • The average score is 2 of 10

Answer Stats

Answer % Correct
368 km²5,125Babeldaob
50%
9 km²9,800Oreor
33%
1 km²7Tobi
33%
8 km²130Angaur
17%
2 km²76Kayangel
17%
3 km²42Sonsorol
17%
1 km²85Malakal
17%
1 km²20Ngercheu
17%
2 km²1,778Ngerekebesang
0%
19 km²500Peleliu
0%

Score Distribution

Percentile by Number Answered

Percent of People with Each Score

Your Score History

You have not taken this quiz